000 00723nam a2200229Ia 4500
005 20250508164026.0
008 008 250505s9999 xx 000 0 eng d
020 _a981 210 149 7
037 _aReference
040 _aFEDL
_beng
_cFEDL
041 _aeng
_2eng
084 _a418, KAM
_qFEDL
100 _aKam Ho Wah Ed.
_9777108
245 0 _aLanguage policies and language education: The impact in east Asian countries in the next decade
260 _aSingapore
_bTimes Academic Press
_c2000
300 _axiii,342p
365 _aUSD
_b45
650 _aApplied linguistics; Language education
_9777109
700 _a Wong Ruth Y L Ed.
_9777110
942 _cREF
_h418, KAM
999 _c1386642
_d1386642